Urban Design Research Institute .-9789381444061 (Record no. 18573)

MARC details
000 -LEADER
fixed length control field 00373nam a2200133Ia 4500
008 - FIXED-LENGTH DATA ELEMENTS--GENERAL INFORMATION
fixed length control field 220803s9999 xx 000 0 und d
020 ## - INTERNATIONAL STANDARD BOOK NUMBER
International Standard Book Number 9789381444061
041 ## - LANGUAGE CODE
Language code of text/sound track or separate title eng
082 ## - DEWEY DECIMAL CLASSIFICATION NUMBER
Classification number 711.4 URB
100 ## - MAIN ENTRY--PERSONAL NAME
Personal name Joshi P & Vora A
9 (RLIN) 29708
245 ## - TITLE STATEMENT
Title Urban Design Research Institute .-9789381444061
260 ## - PUBLICATION, DISTRIBUTION, ETC. (IMPRINT)
Name of publisher, distributor, etc. "Urban Design Research Institute, Mumbai"
Date of publication, distribution, etc. 2014
300 ## - PHYSICAL DESCRIPTION
Extent 484p
Holdings
Withdrawn status Lost status Damaged status Not for loan Home library Current library Date acquired Vendor Total Checkouts Full call number Barcode Date last seen Bill Date Koha item type Original Barcode
        Dr. Bhanuben Nanavati College of Architecture Dr. Bhanuben Nanavati College of Architecture   Kashyap Sir   711.4 URB BNCA-DB-1210 03/08/2022 03/08/2022 Donated Book DB001210